| 000 | 01165cam a22003497a 4500 | ||
|---|---|---|---|
| 003 | CHAP | ||
| 005 | 20220329134603.0 | ||
| 008 | 971013s1986 r 00010 d | ||
| 010 | _a22612 | ||
| 011 | _a23584 | ||
| 035 | _a27680 | ||
| 040 | _cCHAP | ||
| 090 | _aFolleto 10592 | ||
| 100 | 0 | 0 |
_aAvalos, I. _98470 |
| 245 | 1 | 3 | _aLa Fundación Servicio para el Agricultor en el Sistema Agrícola Venezolano |
| 260 |
_aLa Haya : _bISNAR, _c1986 |
||
| 300 | _a37 p | ||
| 490 | 0 |
_aPROAGRO paper _v; 7 |
|
| 590 |
_aBATCH-UPD _b10 _c20130109 _lUCH01 _h2312 |
||
| 590 |
_aBATCH-UPD _b10 _c20130110 _lUCH01 _h0025 |
||
| 590 |
_aBATCH-UPD _b10 _c20130110 _lUCH01 _h2328 |
||
| 590 |
_aBATCH-UPD _b10 _c20130409 _lUCH01 _h1830 |
||
| 590 |
_aBATCH-UPD _b10 _c20130409 _lUCH01 _h2006 |
||
| 590 |
_aBATCH-UPD _b10 _c20130913 _lUCH01 _h2108 |
||
| 590 |
_aCONVERSION _b10 _c20130109 _lUCH01 _h1313 |
||
| 650 | 1 | 4 |
_aAgricultura _xInvestigación _xVenezuela. _91690 |
| 710 | 0 |
_aServicio Internacional para la Investigación Agrícola Nacional. _9105308 |
|
| 830 | 0 |
_aPROAGRO paper _v; 7 _991684 |
|
| 901 | _aBK | ||
| 942 | _cFOLL | ||
| 949 |
_aFolleto 10592 _bBC _cFOLL _d-64127 _eTS1 _i27680 _mD _si |
||
| 999 |
_c22612 _d22612 |
||